Normal view MARC view
  • Mrunal Shinde- 2K201049 & Dr. Suvarna Dhamdhere - Guide

Entry Personal Name

Number of records used in: 1

001 - CONTROL NUMBER

  • control field: 208071

003 - CONTROL NUMBER IDENTIFIER

  • control field: OSt

005 - DATE AND TIME OF LATEST TRANSACTION

  • control field: 20240807160405.0

008 - FIXED-LENGTH DATA ELEMENTS

  • fixed length control field: 240807|| aca||aabn | a|a d

040 ## - CATALOGING SOURCE

  • Original cataloging agency: OSt
  • Transcribing agency: OSt

100 ## - HEADING--PERSONAL NAME

  • Personal name: Mrunal Shinde- 2K201049 & Dr. Suvarna Dhamdhere - Guide

670 ## - SOURCE DATA FOUND

  • Source citation: Work cat.: (OSt)359291: Mrunal Shinde- 2K201049 & Dr. Suvarna Dhamdhere - Guide , Development of HR Dashboard, March-2022